000 00565nam a2200193Ia 4500
005 20260120132014.0
008 008 260114s9999 xx 000 0 eng d
020 _a9781383002515
037 _aEBOOK
040 _aCRL
_beng
_cCRL
041 _aeng
_2eng
084 _qCRL
100 _aMorgan
_9933803
245 4 _aThe Fall of Mussolini: Italy, the Italians, and the Second World War
260 _bOxford University PressOxford University Press
_c2023
856 _uhttps://academic.oup.com/book/47949
942 _cEBOOK
999 _c1525726
_d1525726